1240 1215 1410 1255 1404 1560 1183 1534 1222 1693 1674 1142 1634 1251 1089 1048 1798 1612 1493 1096 1033 1908 1469 1680 1962 1241 1053 1062 1023 1789 1163 1442 1100 1168 1922 1490 1922 1171 1839 1081 1224 1436 1705 1966 1813 1841 1591 1937 1337 1284 1371 1213 1171 1683 1235 1811 1086 1737 1745 1520 1456 1533 1644 1738 1576 1238 1797 1238 1835 1978 1685 1529 1034 1562 1970 1337 1442 1472 1340 1065 1231 1862 1755 1996 1021 1660 1762 1477 1456 1576 1119 1851 1783 1647 1532 1037 1016 1791 2000 BCNSPRNW ULIB Ver.6.0+V

เปลี่ยนเป็นภาษาไทย

Change to English
 แสดงรายละเอียดบรรณานุกรม
  กลับหน้าหลัก

Brief Record : Get Marc (ISO 2709) : E-mail record : QR code < ปิดหน้าต่าง
LEADER : 00000nam 2200000uu 4500
001    13399112129
003     ULIB
008    110727s2553||||th 000 0 tha d
020    97897467249821
024    97897467249821(ล.1)
060 04 WY159^bม513ก 2553 ล.1
245 00 การพยาบาลเด็ก เล่มที่ 1=^nPediatric nursing /^cบรรณาธิการ มาลี เอื้ออำนวย,สุธิศา ล่ามช้าง, จรัสศรี เย็นบุตร
250    พิมพ์ครั้งที่ 2
260    เชียงใหม่ :^bคณะพยาบาลศาสตร์ มหาวิทยาลัยเชียงใหม่,^c2553
300     195 หน้า. ;^c26 ซม.
650  7 การพยาบาลกุมารเวชศาสตร์
650  7 เด็ก^xการดูแล
650  7 เด็ก^xโรค
700 0  มาลี เอื้อำนวย,^eบรรณาธิการ
700 0  สุธิศา ล่ามช้าง,^eบรรณาธิการ
700 0  จรัสศรี เย็นบุตร,^eบรรณาธิการ
945    ^p250^l0^i18425
945    ^p250^l0^i18426
945    ^p250^l0^i18427
995    กัณชพร
999     ^aใช้งานได้ทุกระบบ
รายการนี้ยังไม่มีแท็ก
คุณยังไม่ได้ล็อกอิน คุณสามารถมีกิจกรรมร่วมกับเว็บไซต์ได้ แต่ต้องล็อกอินก่อน ::
  ล็อกอิน

รายการสื่อสารสนเทศ

ลำดับที่ ประเภท เลขเรียก/บาร์โค้ด สถานที่ สถานะ
1. วิทยาศาสตร์การแพทย์ และสุขภาพ
วิทยาศาสตร์การแพทย์ และสุขภาพ
WY159 ม513ก 2553 ล.1  
  Barcode: 18425
ห้องสมุดวิทยาเขตนครสวรรค์
►ส่วนจัดเก็บหนังสือเก่า นว.
บนชั้น
  ขอยืม
2. วิทยาศาสตร์การแพทย์ และสุขภาพ
วิทยาศาสตร์การแพทย์ และสุขภาพ
WY159 ม513ก 2553 ล.1 ฉ.2 
  Barcode: 18426
ห้องสมุดวิทยาเขตนครสวรรค์
►ส่วนจัดเก็บหนังสือเก่า นว.
บนชั้น
  ขอยืม
3. วิทยาศาสตร์การแพทย์ และสุขภาพ
วิทยาศาสตร์การแพทย์ และสุขภาพ
สถานะ=หนังสือเก่า
WY159 ม513ก 2553 ล.1 ฉ.3 
  Barcode: 18427
ห้องสมุดวิทยาเขตนครสวรรค์
►ส่วนจัดเก็บหนังสือเก่า นว.
บนชั้น
  ขอยืม

รายการใกล้เคียง
    หัวเรื่อง [การพยาบาลกุมารเวชศาสตร์]
    หัวเรื่อง [เด็ก การดูแล]

BibComment


ยังไม่เคยถูกคอมเมนท์

คอมเมนท์ทรัพยากรรายการนี้
  คอมเมนท์: การพยาบาลเด็ก เล่..


 Copyright 2026. Bcnsprnw @Library